Phương trình đạo hàm riêng Ph.2
Сохранить в:
| Главный автор: | |
|---|---|
| Формат: | |
| Опубликовано: |
H.
Đại học Sư phạm
2006
|
| Метки: |
Добавить метку
Нет меток, Требуется 1-ая метка записи!
|
| Thư viện lưu trữ: | Mạng thư viện Đại học Đà Nẵng |
|---|
| LEADER | 00868nam a2200253 4500 | ||
|---|---|---|---|
| 001 | 000008041 | ||
| 003 | 4222 | ||
| 005 | 20150812140855.0 | ||
| 008 | 111013s2006 sd | ||
| 100 | 0 | |a Nguyễn Mạnh Hùng | |
| 245 | 0 | 0 | |a Phương trình đạo hàm riêng |c Nguyễn Mạnh Hùng |n Ph.2 |
| 260 | |a H. |b Đại học Sư phạm |c 2006 | ||
| 300 | |a 453tr. |c 21cm | ||
| 774 | |a Nguyễn Mạnh Hùng |d Đại học Sư phạm |d H. |d 2006 |g Ph.2 |h 453tr. |w 4230 | ||
| 774 | |a Nguyễn Mạnh Hùng |d Đại học Sư phạm |d H. |d 2006 |g Ph.2 |h 453tr. |w 4696 | ||
| 774 | |a Nguyễn Mạnh Hùng |d Đại học Sư phạm |d H. |d 2006 |g Ph.2 |h 453tr. |w 4813 | ||
| OWN | |a LSP | ||
| 999 | |a From the UDN01 | ||
| TYP | |a Monograph | ||
| TYP | |a Printed language | ||
| 980 | |a Mạng thư viện Đại học Đà Nẵng | ||